00281nam a2200121Ia 4500008004100000100001700041245002200058260003400080300000900114650001200123942000700135999001700142190216s9999||||xx |||||||||||||| ||und|| aKrishna Iyer 0aHistory Of Kerala bPublished By The Authorc1989 a480p aHistory cBK c18960d18960